| 000 | 00571nam a22001817a 4500 | ||
|---|---|---|---|
| 999 |
_c526464 _d526464 |
||
| 003 | NUST | ||
| 020 | _qHBK | ||
| 038 | _aFaiza | ||
| 082 |
_a891.4393 _bRAH |
||
| 100 |
_aBhati, Rahat _917472 |
||
| 245 |
_aPaon main Jannat Jholi main Angary / _cRahat Bhati |
||
| 260 |
_aIslamabad : _bManzil Publications, _c2013. |
||
| 300 | _a191 p. ; | ||
| 880 |
_6100-01\r _aراحت بھٹی |
||
| 880 |
_6245-02\r _aپاوًں میں جنت جھولی میں انگارے / |
||
| 880 |
_6260-03\r _aاسلام آباد : _bمنزل پبلیکیشنز, _c۲۰۱۳. |
||
| 942 |
_2ddc _cBK |
||